Félúton ; Citeraszó
Elmentve itt :
| Szerző: | |
|---|---|
| Dokumentumtípus: | Cikk |
| Megjelent: |
1972-03-19
|
| Sorozat: | Délmagyarország
62 No. 67 |
| Kulcsszavak: | Magyar irodalom vers |
| Online Access: | http://dmarchiv.bibl.u-szeged.hu/63022 |
| LEADER | 00443nab a2200157 i 4500 | ||
|---|---|---|---|
| 001 | delm63022 | ||
| 005 | 20180927151240.0 | ||
| 008 | 180927s1972 hu o 0|| hun d | ||
| 040 | |a SZTE Délmagyarország Archívum |b hun | ||
| 041 | |a hun | ||
| 100 | 1 | |a Petri Ferenc | |
| 245 | 1 | 0 | |a Félúton ; Citeraszó |h [elektronikus dokumentum] / |c Petri Ferenc |
| 260 | |c 1972-03-19 | ||
| 300 | |a 6 | ||
| 490 | 0 | |a Délmagyarország |v 62 No. 67 | |
| 695 | |a Magyar irodalom vers | ||